Famous Polish People - Picture Quiz - Statistics

General Stats
  • This quiz has been taken 211 times
  • The average score is 9 of 15
Answer Stats
Picture Hint Answer % Correct
Scientist, Nobel winner x 2 Marie Curie
97%
Activist, ex-president Lech Wałęsa
86%
Composer Frédéric Chopin
82%
Scientist, Astronomer Nicolas Copernic
81%
Pope Pope John Paul II
79%
Football (soccer) player Robert Lewandowski
79%
Film Director Roman Polański
68%
"National Poet", essayist, professor, political activist... Adam Mickiewicz
57%
Tennis Player Agnieszka Radwańska
57%
Ski Jumper Adam Małysz
55%
Nobel winning author Wisława Szymborska
54%
Model, Reality star, Actress Joanna Krupa
45%
Actress, Bond-girl Izabella Scorupco
32%
Film Director Krzysztof Kieślowski
19%
Founder of a cosmetics company carrying her name Helena Rubinstein
11%
No matching quizzes found
Score Distribution
Percent of People with Each Score
Percentile by Number Answered
Your Score History
You have not taken this quiz